000 00558nam a2200157 i 4500
001 38870
003 ES-MaACL
005 20230906155836.0
007 t|
008 030226s1972 sp ||||1| spa d
111 2 _aFeria Técnica Internacional de la Maquinaria Agrícola (
_n6º.
_d1972.
_cZaragoza)
_9742
245 1 0 _aAsí fue FIMA, 72
_b: del 8 al 16 de abril de 1972 en Zaragoza, Lonja de Contratación de la mecanización agraria.
260 _a[Zaragoza :
_bs.n.,
_c1972]
300 _a53 p. :
_bgrab. ;
_c21 cm.
852 _aES-MaACL
_jC-48867
_bR.82745
999 _c38870
_d38870